00994nam a2200229 a 4500008004100000020003200041040002500073041001300098044001100111080001900122100003500141245011000176250001300286260004900299300004500348500020000393700002900593700002400622958000600646999001700652952009500669951211s1981||||[C 0 slo c c20 Kčs. q(18000 výtl.) aSNKbslocSNKeAACR21 aslohrus axocSK a1 100.1(081.1)1 aLenin, Vladimir Iľjič4aut10aZobrané spisy. /Zv./ 10. Marec-jún 1905cVladimir Iľjič Lenin ; Miroslav Řehák, Oto Takáč a2., vyd. aBratislavabPravdac1981eBratislavafPravda a671 s., 36,42 AHb1 text. príl.c21 cm aLit. 79. Pozn. Životopisné údaje. Reg. lit. prác a pramenöv a men. Faksim. rkp. Zozn. nenájdených prác V. I. Lenina. 79 zázn. lit. o knihách a čl. v jaz. slov., čes., rus.1 aŘehák, Miroslav4trl1 aTakáč, Oto4bkd aA c15431d15431 011040708Ka10000b10000d2019-11-29g20.00i14456oK 009r2019-11-29w2019-11-29yOLDO